| 000 | 00555nam a2200181Ia 4500 | ||
|---|---|---|---|
| 008 | 151018s9999 xx 000 0 und d | ||
| 082 |
_bRBASDV36070 _a891.433 |
||
| 100 | _aविजय झारी | ||
| 245 | _aमुस्लीम परिवेश | ||
| 250 | _b1 | ||
| 260 |
_bलिट्रेसी _c2003 |
||
| 300 | _a176 | ||
| 600 | _aविजय झारी | ||
| 630 | _aमुस्लीम परिवेश | ||
| 700 | _aविजय झारी | ||
| 730 | _aमुस्लीम परिवेश | ||
| 942 | _cBOOK | ||
| 999 |
_c1035535 _d1035532 |
||